00685nam a22001697a 4500008001100000010001300011020002600024035001300050037002600063040001200089082000800101100005200109245015000161260007100311270007600382300005700458140714b  aB-668519 a9788190709699c450.00 aB-668519 bके.के.पी. adplbhn a510 aमिश्र सुमित कुमार aगणित के सिद्धांत :cसुमित कुमार मिश्रb(1000 तथ्य और उनके हल) / aदिल्लीbगुंंजन प्रकाशनc2017 a77/1, ईस्ट आजाद नगर bदिल्ली e110051 a144 पृ. c22 सेमी. (सजिल्द)